000 00841cam a22003013a 4500
001 471
003 PGUSA
005 20140828082948.0
008 060116s2006||||xxu|||||s|||||000 1 eng d
040 _aPGUSA
_beng
042 _adc
050 4 _aPR
100 1 _aScott, Walter,
_d1771-1832
245 1 4 _aThe Bride of Lammermoor
_h[electronic resource] /
_cWalter Scott
260 _bProject Gutenberg,
_c2006
500 _aWaverley novel
506 _aPublic domain in the USA.
516 _aElectronic text
653 _aLove stories
653 _aScotland -- Fiction
653 _aPsychological fiction
653 _aArranged marriage -- Fiction
653 _aWomen murderers -- Fiction
653 _aHistorical fiction
830 0 _aProject Gutenberg
_v471
856 4 0 _uhttp://www.gutenberg.org/ebooks/471
942 _cEB
999 _c229822
_d229822